| 000 | 00613nam a22001815i 4500 | ||
|---|---|---|---|
| 001 | 54389 | ||
| 003 | ES-MaACL | ||
| 005 | 20230906162939.0 | ||
| 007 | t| | ||
| 008 | 960719s1879 it ||||1| ita d | ||
| 040 |
_aCAM _bspa _cCAM |
||
| 100 | 1 |
_aDe Foresta, Adolfo. _951730 |
|
| 245 | 1 | 0 |
_aGibilterra e Tangeri _b: de Malaga a Cadice / _cdi Adolfo de Foresta; continuazione alla "Spagna" del medesimo autore. |
| 260 |
_aBologna : _bpresso Nicola Zachinelli, _c1879 ( _eModena) |
||
| 300 |
_a[4], IV, [2], 359, 41 p. ; _c19 cm. |
||
| 651 | 4 |
_aEspaña- _xDescripción- _yS.XIX. _98185 |
|
| 852 |
_aES-MaACL _jF-13473 |
||
| 999 |
_c54389 _d54389 |
||